000 00479nam a2200145Ia 4500
008 100122s9999 xx 000 0 und d
082 _b29841
_a821
100 _aमराठे प्र द
245 _aभोवऱ्यात नाव माझी
260 _bप्रमोद प्रकाशन
_c1905
300 _a374
630 _aभोवऱ्यात नाव माझी
730 _aभोवऱ्यात नाव माझी
942 _cBOOK
999 _c414926
_d414923